000 00979nam a2200265Ia 4500
003 OSt
005 20220930092904.0
006 a|||||r|||| 00| 0
007 ta
008 220926b |||||||| |||| 00| 0 eng d
024 _a26355
037 _cTheses
040 _aCRL
_cCRL
_beng
041 _2eng
_aeng
100 _aMittal Ankit
_9549951
110 _aUniversity of Delhi. Faculty of Medical Sciences. Department of Pulmonary Medicine
245 0 _aCorrelation of inflammatory markers and vitamin d levels with the severity of disease and frequency of acute exacerbations of chronic obstructive pulmonary disease
260 _c2014
650 _aMEDICINE
700 _a Dr. Balkrishnan Menon Gu.
_9549952
700 _a Prof. S. N. Gaur Gu.
_9538240
700 _aUniversity of Delhi. Faculty of Medical Sciences. Department of Pulmonary Medicine
942 _cDIS
_2CC
999 _c884453
_d884453